000 00548nam a22002171c 4500
001 a987677378
008 161012s2010 gw |||| 000u rus d
020 _a9785728111078
_9978-5-7281-1107-8
041 _arus
100 1 _aČekunova, Antonina E.
245 0 0 _aRusskoe kirilličeskoe pis'mo XI-XVIII vv.
264 _aMoskva :
_bRGGU,
_c2010
300 _a287 S.
650 0 _aPaläographie
650 0 _aHandschrift
650 0 _aSkoropis'
655 0 _aHochschullehrbuch
942 _cMG
040 _cRU-10907106
003 RU-10907106
999 _c14599
_d14599